| 000 | 00891cam a2200217 4500 | ||
|---|---|---|---|
| 001 | pa 61000041 | ||
| 003 | DLC | ||
| 005 | 20260227111855.0 | ||
| 008 | 700826s1961 dcu 00000 eng c | ||
| 010 | _apa 61000041 //r852 | ||
| 040 | _aPan American Union. Library | ||
| 050 | 0 |
_aF1405.5 1959 _b.O7 OEA/Ser.Y/I.1-2 _aF1402 |
|
| 110 | 2 | 0 |
_aPan American Union. _bOffice of Council and Conference Secretariat Services. _bOfficial Records Section. |
| 245 | 0 | 0 |
_aOfficial records series of the Organization of American States: _bguide, outline, and expanded tables. |
| 260 | 0 |
_aWashington, _bPan American Union, _c1961. |
|
| 300 |
_av, 68 p. _c28 cm. |
||
| 490 | 1 |
_aOAS official records ; _vOEA/Ser.Y/I.1-2, Rev., OAS/Ser.Y/I.3 |
|
| 630 | 0 | 0 | _aOAS official records. |
| 710 | 2 | 1 |
_aOrganization of American States. _tOfficial records. |
| 830 | 0 |
_aOAS official records ; _vOEA/Ser.Y/I.1-2, Rev., etc. |
|
| 999 |
_c51468 _d51468 |
||